000 00604nam a2200205 a 4500
001 0001-1537
003 ELIB.Books
008 170523 2010 eng
020 _a0878403795
092 _a241.042 Wal
100 _aWalter, James J.
245 _aA Call to Fidelity
_bOn the Moral Theology of Charles E. Curran
260 _aWashington D.C.
_bGeorgetown University Press
_c2002
300 _a310
_c22.5cm
650 _aContributions in Christian Ethics
942 _2ddc
_cBK
990 _a1
998 _aEnglishbooks.elf
_ccat
_e2017-05-23
_mcat
_u2018-11-15
999 _c11537
_d11537